| 000 | 00788nam a22002651 4500 | ||
|---|---|---|---|
| 001 | 1091849 | ||
| 003 | DO-SdBNP | ||
| 005 | 20180222114747.0 | ||
| 008 | 920725s1968 sp spa | ||
| 016 | 7 | _a | |
| 017 | _b | ||
| 035 | _a | ||
| 040 |
_aBPMSU _bspa _cBPMSU |
||
| 080 | 0 | _a | |
| 100 | 1 | _aLeippe, Ulla | |
| 245 | 1 | 0 |
_aLo que los niños quieren saber : _bun libro moderno para la juventud / _h _cUlla Leippe ; dibujos, Hannes Limmer |
| 260 |
_aLeón, España : _bEverest, _c1968 |
||
| 300 |
_a270 p. : _bgrab. ; _c27 cm |
||
| 500 | _aIncluye índice de materia | ||
| 650 | 7 |
_aEnciclopedias infantiles y juveniles _2embne |
|
| 700 | 1 |
_aLimmer, Hannes _eil. |
|
| 942 |
_2ddc _cBK |
||
| 945 | _aInventariado, 2018/MFF | ||
| 956 |
_aVMATEO _b10 _c20160524 _dBPMSU _f0069 |
||
| 999 |
_c10206 _d10206 |
||